Toma de decisiones en situaciones de incertidumbre. ♭UPV

Uloženo v:
Podrobná bibliografie
Další autoři: Canal Universitat Politc̈nica de Valn̈cia UPV / YouTube
Médium: Kniha
Jazyk:španělština
Témata:
On-line přístup:Toma de decisiones en situaciones de incertidumbre. ♭UPV
Tagy: Přidat tag
Žádné tagy, Buďte první, kdo vytvoří štítek k tomuto záznamu!

MARC

LEADER 00000nam a22000004a 4500
001 vpro7864
005 20201223000000.0
008 140529s2014 ck # g## #001 0#spa#d
020
022
040 |a CO-BoINGC 
041 0 |a spa 
245 1 0 |a Toma de decisiones en situaciones de incertidumbre. ♭UPV 
246 |a Decision Theory for Uncertainty Situations. ♭UPV 
264 |a Bogot ̀(Colombia) :  |b Revista VirtualPRO,  |c 2014 
520 3
650 \ \ |a T<U+00C9>CNICA ADMINISTRATIVA 
650 \ \ |a INVESTIGACI<U+00D3>N OPERATIVA 
650 \ \ |a MANAGEMENT TECHNIQUES 
650 \ \ |a OPERATIONS RESEARCH 
650 \ \ |a ciencias de la administracin̤ 
650 \ \ |a investigacin̤ de operaciones 
650 \ \ |a teora̕ de decisiones 
650 \ \ |a toma de decisiones 
650 \ \ |a management sciences 
650 \ \ |a operations research 
650 \ \ |a decision theory 
650 \ \ |a decision making  
700 \ \ |a Canal Universitat Politc̈nica de Valn̈cia UPV / YouTube 
856 |z Toma de decisiones en situaciones de incertidumbre. ♭UPV  |u https://virtualpro.unach.elogim.com/biblioteca/toma-de-decisiones-en-situaciones-de-incertidumbre-upv